[Event "Russian Championship B15 2016"]
[Site "Loo"]
[Date "2016.04.23"]
[Round "4.11"]
[White "Shinkevich, Maksim"]
[Black "Osipov, Daniil"]
[Result "1-0"]
[WhiteElo "1997"]
[BlackElo "2068"]
[PlyCount "149"]
[EventDate "2016.04.20"]

1. d4 Nf6 2. c4 c5 3. d5 b5 4. cxb5 a6 5. b6 g6 6. Nc3 d6 7. e4 Bg7 8. Be2 Nbd7
9. a4 Qxb6 10. Nf3 O-O 11. O-O Rb8 12. Nd2 Ne8 13. Nc4 Qa7 14. Qc2 Nc7 15. Bd2
Ne5 16. Ne3 Qb7 17. f4 Nd7 18. Nc4 Bd4+ 19. Kh1 Nf6 20. Nd1 Qb3 21. Qxb3 Rxb3
22. Bf3 Bd7 23. Ba5 Na8 24. Nc3 Ng4 25. Bd1 Rb7 26. Bxg4 Bxg4 27. Rae1 Nc7 28.
f5 Bxc3 29. bxc3 Nxd5 30. exd5 Bxf5 31. Rf3 Rfb8 32. Rfe3 Kf8 33. h3 h5 34. Kh2
Bc2 35. Ra1 Rb1 36. Rxb1 Bxb1 37. Nb6 Rb7 38. c4 Bf5 39. Rb3 Kg8 40. Bd2 Kg7
41. a5 f6 42. Rf3 Kf7 43. Rf4 Bc2 44. g4 hxg4 45. Rxg4 Bf5 46. Rf4 Rb8 47. h4
Rh8 48. Kg3 Rh5 49. Na8 Bc8 50. Rf3 Re5 51. Rb3 Re2 52. Bh6 Kg8 53. Rb8 Kh7 54.
Bf8 Bf5 55. Rb7 Re3+ 56. Kf2 Rc3 57. Nb6 Rc2+ 58. Ke3 g5 59. Bxe7 Kg6 60. hxg5
Rc3+ 61. Kf4 fxg5+ 62. Bxg5 Bd3 63. Be7 Bxc4 64. Nxc4 Rxc4+ 65. Ke3 Ra4 66.
Bxd6 Rxa5 67. Rc7 Kf6 68. Rxc5 Ra4 69. Rc6 Kf7 70. Be5 Ra5 71. Rc7+ Ke8 72. Ke4
Rb5 73. Ra7 a5 74. d6 a4 75. Kf5 1-0

[Event "Russian Championship B15 2016"]
[Site "Loo"]
[Date "2016.04.23"]
[Round "4.12"]
[White "Kavyev, Ruslan"]
[Black "Brin, Ilya"]
[Result "1-0"]
[WhiteElo "2058"]
[BlackElo "1862"]
[PlyCount "101"]
[EventDate "2016.04.20"]

1. d4 c5 2. Nf3 Nf6 3. g3 cxd4 4. Nxd4 e5 5. Nb3 Nc6 6. Bg2 d5 7. O-O Be7 8.
Nc3 d4 9. Ne4 Nxe4 10. Bxe4 f5 11. Bg2 O-O 12. e3 dxe3 13. Bxe3 f4 14. Qxd8
Nxd8 15. Bd5+ Be6 16. Bxe6+ Nxe6 17. Bd2 Rad8 18. Rfe1 Nd4 19. Nxd4 Rxd4 20.
Bc3 Rc4 21. Rad1 fxg3 22. hxg3 Bc5 23. Re2 Bd4 24. Bxd4 exd4 25. b3 Rc7 26.
Rxd4 Rf3 27. c4 Kf7 28. Kg2 Rf6 29. Red2 Ke7 30. Rh4 h6 31. Re4+ Re6 32. Kf3 a6
33. Rd5 Rcc6 34. Rg4 Rf6+ 35. Rf4 Rfe6 36. Rfd4 Rf6+ 37. Kg2 Rc7 38. f3 Re6 39.
Kf2 b6 40. Rd8 Rc5 41. R8d7+ Ke8 42. Rxg7 Rh5 43. Rh4 Ra5 44. a4 Rd6 45. Ke3
Rd1 46. Rxh6 Kf8 47. Rb7 Kg8 48. Rbxb6 Re5+ 49. Kf4 Re7 50. Rxa6 Rf7+ 51. Kg4
1-0

[Event "Russian Championship B15 2016"]
[Site "Loo"]
[Date "2016.04.23"]
[Round "4.13"]
[White "Isaykin, Artem"]
[Black "Kalabukhov, Bogdan"]
[Result "0-1"]
[WhiteElo "1924"]
[BlackElo "2056"]
[PlyCount "114"]
[EventDate "2016.04.20"]

1. e4 c5 2. Nc3 e6 3. f4 Nc6 4. Nf3 Nge7 5. Bb5 a6 6. Bxc6 Nxc6 7. O-O Be7 8.
Ne2 d5 9. d3 O-O 10. g4 b5 11. Ng3 Bb7 12. Qe2 c4 13. Kh1 cxd3 14. cxd3 dxe4
15. dxe4 Qc7 16. Be3 Rac8 17. g5 Rfd8 18. Qf2 Qb8 19. a3 Qa8 20. Bb6 Re8 21.
Rfe1 Bd8 22. Bc5 Na5 23. Nd2 e5 24. Nf5 exf4 25. Nd6 Bxg5 26. Nxc8 Bxc8 27. Qg2
Bf6 28. Rab1 Bb7 29. Kg1 Nc6 30. Rf1 Qb8 31. b4 Nd4 32. Rbe1 Ne6 33. Nb3 Ng5
34. Nd2 Ne6 35. Nb3 Be5 36. Rf2 f5 37. Rd1 fxe4 38. Rd7 Bc6 39. Rd1 f3 40. Qh3
Nxc5 41. Nxc5 Bf4 42. Qg4 Be3 43. Ne6 Bxf2+ 44. Kxf2 Qxh2+ 45. Ke3 Qe5 46. Nd4
Bd5 47. Nf5 Be6 48. Nh6+ Kh8 49. Qh4 gxh6 50. Rd8 Rxd8 51. Qxd8+ Kg7 52. Qe7+
Kg6 53. Qe8+ Kg5 54. Qd8+ Qf6 55. Qc7 h5 56. a4 f2 57. Qg3+ Kh6 0-1

[Event "Russian Championship B15 2016"]
[Site "Loo"]
[Date "2016.04.23"]
[Round "4.14"]
[White "Salemgareev, Tagir"]
[Black "Tyapkin, Petr"]
[Result "1-0"]
[WhiteElo "2262"]
[BlackElo "1962"]
[PlyCount "67"]
[EventDate "2016.04.20"]

1. d4 Nf6 2. c4 g6 3. Nc3 Bg7 4. e4 d6 5. Nf3 O-O 6. Be2 e5 7. O-O Nc6 8. d5
Ne7 9. a4 a5 10. b3 Nd7 11. Ba3 Bh6 12. b4 axb4 13. Bxb4 f5 14. Nd2 Nf6 15. c5
Bxd2 16. Qxd2 Nxe4 17. Nxe4 fxe4 18. cxd6 cxd6 19. Rfc1 Qb6 20. Bf1 Nf5 21. a5
Qd8 22. Rab1 Nd4 23. Bc3 Qf6 24. Qe3 Rf7 25. Rb6 Bg4 26. Rcb1 Bc8 27. R1b2 Ra7
28. Bb4 Qh4 29. Bxd6 Rf3 30. Qc1 Ra8 31. Bxe5 Rh3 32. Qc7 Nf3+ 33. gxf3 e3 34.
Qg7# 1-0

[Event "Russian Championship B15 2016"]
[Site "Loo"]
[Date "2016.04.23"]
[Round "4.15"]
[White "Golikov, Daniil"]
[Black "Shchukin, Maksim"]
[Result "1-0"]
[WhiteElo "2152"]
[BlackElo "1891"]
[PlyCount "100"]
[EventDate "2016.04.20"]

1. d4 d5 2. c4 c6 3. Nf3 Nf6 4. Nc3 e6 5. e3 Nbd7 6. Bd3 dxc4 7. Bxc4 b5 8. Bd3
a6 9. e4 c5 10. e5 cxd4 11. Nxb5 axb5 12. exf6 gxf6 13. O-O Qb6 14. Be4 Bb7 15.
Bxb7 Qxb7 16. Nxd4 Rd8 17. Qe2 b4 18. Bf4 Bc5 19. Nxe6 fxe6 20. Qxe6+ Be7 21.
Rae1 Nc5 22. Qxf6 Rf8 23. Qh4 Nd3 24. Rxe7+ Qxe7 25. Bg5 Qd6 26. Bxd8 Rf4 27.
Qxh7 Kxd8 28. Rd1 Rd4 29. h3 Qd5 30. Qg7 Ne5 31. Re1 Rd1 32. Qf8+ Kc7 33. Qxb4
Nc6 34. Qf4+ Kb7 35. Rxd1 Qxd1+ 36. Kh2 Qe2 37. Qf6 Ne5 38. b4 Kc8 39. Qf5+ Kd8
40. Qg5+ Kd7 41. Qe3 Qb2 42. a4 Nc6 43. b5 Nd4 44. Qf4 Qa1 45. Qf7+ Kd6 46.
Qf6+ Kd5 47. Qf7+ Ke4 48. b6 Qxa4 49. b7 Qb5 50. Qc7 Nc6 1-0

[Event "Russian Championship B15 2016"]
[Site "Loo"]
[Date "2016.04.23"]
[Round "4.16"]
[White "Akhtariev, Andrey"]
[Black "Pesotskiy, Mikhail"]
[Result "1/2-1/2"]
[WhiteElo "1927"]
[BlackElo "2152"]
[PlyCount "101"]
[EventDate "2016.04.20"]

1. e4 e6 2. d4 d5 3. Bd3 dxe4 4. Bxe4 Nf6 5. Bf3 c5 6. Ne2 Be7 7. Nbc3 O-O 8.
Be3 cxd4 9. Nxd4 Nbd7 10. Qd2 Ne5 11. Be2 Bd7 12. Rd1 a6 13. Nf3 Nxf3+ 14. Bxf3
Qc8 15. O-O Bc6 16. Qe2 b5 17. Bd4 Qb7 18. Rd3 Rfd8 19. Rfd1 Bxf3 20. Rxf3 b4
21. Nb1 Qb5 22. Qe1 e5 23. Rfd3 Rxd4 24. Rxd4 exd4 25. Qxe7 Re8 26. Qd6 Qe2 27.
Rf1 Qxc2 28. Qxd4 h6 29. Qxb4 Re2 30. Nc3 Qxb2 31. Qc4 Rc2 32. Qc8+ Kh7 33.
Qf5+ Kh8 34. Ne4 Nxe4 35. Qxe4 Qxa2 36. Qe8+ Kh7 37. Qe4+ g6 38. h4 h5 39. Qd4
Rb2 40. Qd3 a5 41. g4 hxg4 42. h5 Qe6 43. hxg6+ Qxg6 44. Qc3 Rc2 45. Qxa5 g3
46. f4 Rh2 47. Qb5 Qc2 48. Qd5 g2 49. Qxf7+ Kh8 50. Qf8+ Kh7 51. Qf7+ 1/2-1/2

[Event "Russian Championship B15 2016"]
[Site "Loo"]
[Date "2016.04.23"]
[Round "4.17"]
[White "Danilchenko, Dmitrij"]
[Black "Remizov, Yaroslav"]
[Result "0-1"]
[WhiteElo "1815"]
[BlackElo "2124"]
[PlyCount "126"]
[EventDate "2016.04.20"]

1. d4 d5 2. c4 e6 3. Nf3 c6 4. g3 dxc4 5. a4 b5 6. Nc3 b4 7. Ne4 c5 8. Nxc5
Bxc5 9. dxc5 Qa5 10. Bg2 Bb7 11. O-O Nf6 12. Bf4 O-O 13. Bd6 Rc8 14. Rc1 Na6
15. Rxc4 Nxc5 16. Qd4 Nfe4 17. Rfc1 Nxd6 18. Qxd6 Na6 19. Rxc8+ Rxc8 20. Rxc8+
Bxc8 21. Qe7 Qc5 22. Qe8+ Qf8 23. Qb5 g6 24. Ne5 Nc7 25. Qc6 Qd8 26. Nd3 Ba6
27. h4 Bxd3 28. exd3 Ne8 29. a5 Nf6 30. a6 Qd4 31. b3 Kg7 32. Bf1 Ng4 33. Qf3
h5 34. Be2 Qa1+ 35. Kg2 Qxa6 36. Qe4 Nf6 37. Qxb4 e5 38. Qc4 Qb6 39. Bf3 a5 40.
Qc3 Qb5 41. Bc6 Qb6 42. Bf3 Nd7 43. Be4 Qc5 44. Qc4 Qxc4 45. dxc4 Nc5 46. Bc2
e4 47. Kf1 Kf6 48. Ke2 Ke5 49. Ke3 f5 50. Bd1 Ne6 51. f3 Nc5 52. f4+ Kd6 53.
Kd4 Ne6+ 54. Kc3 Kc5 55. Bc2 Nd4 56. Bd1 Nc6 57. Bc2 Nb4 58. Bb1 Nc6 59. Bc2
Nb4 60. Bb1 e3 61. Bd3 Na2+ 62. Kb2 Kd4 63. Bc2 e2 0-1

[Event "Russian Championship B15 2016"]
[Site "Loo"]
[Date "2016.04.23"]
[Round "4.18"]
[White "Shirshov, Nikolay"]
[Black "Timoshkin, Aleksandr"]
[Result "1/2-1/2"]
[WhiteElo "2002"]
[BlackElo "1758"]
[PlyCount "107"]
[EventDate "2016.04.20"]

1. Nf3 Nf6 2. c4 c5 3. Nc3 g6 4. e4 d6 5. d4 cxd4 6. Nxd4 Bg7 7. Be2 O-O 8. O-O
Nc6 9. Be3 Bd7 10. Qd2 a6 11. f3 Ne5 12. Rac1 Rc8 13. b3 Bc6 14. Rfd1 Qc7 15.
b4 Bd7 16. Nd5 Nxd5 17. exd5 b6 18. Nb3 Ba4 19. Bf1 Nd7 20. Qf2 Bxb3 21. axb3
a5 22. c5 bxc5 23. bxc5 dxc5 24. Bb5 Rb8 25. Ba4 Rfc8 26. Qh4 Bf6 27. Qc4 Rb4
28. Qa6 Nb8 29. Qd3 Qd6 30. Qe2 c4 31. Bd4 Bxd4+ 32. Rxd4 c3 33. Rd3 Qc5+ 34.
Qf2 Qd6 35. Qe3 Rh4 36. g3 Rh5 37. Qd4 c2 38. Rd2 Rd8 39. Rcxc2 Nd7 40. Rc6 Qa3
41. Qc3 Nf6 42. d6 Nd5 43. Qc4 Qa1+ 44. Qc1 Qxc1+ 45. Rxc1 Rxd6 46. Rc8+ Kg7
47. Ra8 Nb6 48. Rxd6 exd6 49. Ra6 Nxa4 50. bxa4 Rd5 51. Kf2 Kf6 52. Ke3 Ke6 53.
Ke4 h6 54. Ra8 1/2-1/2

[Event "Russian Championship B15 2016"]
[Site "Loo"]
[Date "2016.04.23"]
[Round "4.19"]
[White "Rysakov, Anton"]
[Black "Baranovskiy, Daniil"]
[Result "1-0"]
[WhiteElo "1979"]
[BlackElo "1899"]
[PlyCount "67"]
[EventDate "2016.04.20"]

1. e4 d5 2. exd5 Qxd5 3. Nc3 Qa5 4. d4 Nf6 5. Nf3 Nc6 6. Bb5 Bd7 7. d5 Nb4 8.
Bxd7+ Nxd7 9. a3 Nf6 10. axb4 Qxa1 11. O-O g6 12. Qe2 a6 13. Bg5 Qxf1+ 14. Kxf1
Bg7 15. d6 cxd6 16. Bxf6 Bxf6 17. Nd5 O-O 18. Nxe7+ Kg7 19. Nd5 Rae8 20. Qd2
Be5 21. c3 Rd8 22. g3 Rd7 23. Ne1 Re8 24. f4 Bf6 25. Nxf6 Kxf6 26. Qd4+ Ke7 27.
Nf3 Kd8 28. Ng5 h6 29. Ne4 Re6 30. Kg2 Kc7 31. Nf6 Rd8 32. Nd5+ Kb8 33. Qb6 Rc8
34. g4 1-0

[Event "Russian Championship B15 2016"]
[Site "Loo"]
[Date "2016.04.23"]
[Round "4.20"]
[White "Zakharov, Nikita"]
[Black "Shidlovskiy, Artemiy"]
[Result "0-1"]
[WhiteElo "1940"]
[BlackElo "1879"]
[PlyCount "69"]
[EventDate "2016.04.20"]

1. Nf3 d5 2. g3 c6 3. Bg2 Nf6 4. b3 Bf5 5. Bb2 e6 6. O-O h6 7. c4 Be7 8. d3 O-O
9. Nbd2 a5 10. a3 Na6 11. Re1 Bh7 12. Rc1 Rc8 13. d4 c5 14. cxd5 exd5 15. e3 b5
16. Ne5 Qb6 17. Bh3 Rc7 18. dxc5 Bxc5 19. Ndf3 Qd6 20. b4 axb4 21. Nd3 Bxd3 22.
Qxd3 bxa3 23. Be5 Qb6 24. Bxc7 Nxc7 25. Nd4 b4 26. Nb3 Be7 27. Qd4 Qd6 28. Bf1
Ne6 29. Qa7 Ne4 30. Nd4 Nxd4 31. exd4 b3 32. f3 b2 33. Rc7 Bd8 34. Rb7 Nd2 35.
Bd3 0-1

[Event "Russian Championship B15 2016"]
[Site "Loo"]
[Date "2016.04.23"]
[Round "4.21"]
[White "Peisakhov, Imanuil"]
[Black "Saratovskiy, Dmitiy"]
[Result "1-0"]
[WhiteElo "1866"]
[BlackElo "1938"]
[PlyCount "93"]
[EventDate "2016.04.20"]

1. e4 c6 2. Nc3 d5 3. Nf3 g6 4. h3 Bg7 5. d4 Nh6 6. Bf4 dxe4 7. Nxe4 Nf5 8. c3
O-O 9. Be2 Nd6 10. Ng3 Nd7 11. O-O Nf6 12. Re1 Nd5 13. Bg5 f6 14. Bc1 Be6 15.
Bd3 Bf7 16. a3 b5 17. Qc2 Rc8 18. h4 c5 19. dxc5 Rxc5 20. Ne4 Nxe4 21. Bxe4 f5
22. Bxd5 Bxd5 23. Qe2 Bxf3 24. Qxf3 e5 25. Bg5 Bf6 26. Rad1 Qe7 27. Bxf6 Qxf6
28. Qe3 Rfc8 29. Rd7 Qxh4 30. b4 R5c7 31. Rxc7 Rxc7 32. Qxe5 Qc4 33. Rd1 Rc8
34. Rd7 Qxc3 35. Rd8+ Kf7 36. Qe8+ Kf6 37. Rxc8 Qa1+ 38. Kh2 Kg5 39. Qe7+ Kg4
40. Qe2+ Kg5 41. Qe3+ Kh5 42. Rc7 Qh8 43. Qe7 Kg4 44. f3+ Kf4 45. Qh4+ Ke3 46.
Qe1+ Kf4 47. Qd2+ 1-0

[Event "Russian Championship B15 2016"]
[Site "Loo"]
[Date "2016.04.23"]
[Round "4.22"]
[White "Akochenok, Daniil"]
[Black "Shoboev, Dandar"]
[Result "0-1"]
[WhiteElo "1934"]
[BlackElo "1846"]
[PlyCount "76"]
[EventDate "2016.04.20"]

1. d4 Nf6 2. c4 c5 3. d5 e6 4. Nc3 d6 5. e4 g6 6. f3 Bg7 7. Bg5 exd5 8. cxd5 a6
9. a4 Nbd7 10. Nh3 O-O 11. Qd2 Re8 12. Be2 Rb8 13. O-O Qc7 14. Nf2 c4 15. a5 b5
16. axb6 Rxb6 17. Ra4 Qb8 18. Nfd1 Nc5 19. Rxc4 Nfd7 20. Bf4 Ne5 21. Bxe5 Bxe5
22. Na4 Nxa4 23. Rxa4 Bxb2 24. Nxb2 Rxb2 25. Qe3 Re7 26. Bxa6 Bxa6 27. Rxa6 Rc7
28. Rfa1 Rb1+ 29. Rxb1 Qxb1+ 30. Kf2 Rc2+ 31. Kg3 Qb2 32. Ra8+ Kg7 33. Qf4
Rxg2+ 34. Kh3 Rg1 35. Rg8+ Kxg8 36. Qxd6 Qg2+ 37. Kh4 g5+ 38. Kh5 Qh3# 0-1

[Event "Russian Championship B15 2016"]
[Site "Loo"]
[Date "2016.04.23"]
[Round "4.23"]
[White "Bedenko, Nikita"]
[Black "Dyurmenov, Beslan"]
[Result "1-0"]
[WhiteElo "1917"]
[BlackElo "1757"]
[PlyCount "89"]
[EventDate "2016.04.20"]

1. e4 e6 2. d4 d5 3. Nc3 c6 4. Nf3 f5 5. exf5 exf5 6. Bd3 Nf6 7. O-O Be7 8. Ne2
O-O 9. c4 b6 10. Qb3 Qc7 11. Nf4 Bd6 12. cxd5 Bxf4 13. d6+ Qf7 14. Bxf4 Qxb3
15. axb3 b5 16. Ne5 Rd8 17. Rfc1 Nd5 18. Bg5 Rxd6 19. Bxb5 Bb7 20. Bc4 Kf8 21.
Ra5 h6 22. Bd2 Ne7 23. Bb4 Rf6 24. Re1 g5 25. Bxe7+ Kxe7 26. Ng4+ Kd6 27. Nxf6
Kc7 28. Re8 Kb6 29. Rxf5 a5 30. Rxb8 Rxb8 31. Nd7+ Kc7 32. Nxb8 Kxb8 33. Rf6 h5
34. Rf5 g4 35. Rxh5 g3 36. hxg3 c5 37. Rxc5 a4 38. bxa4 Ka7 39. b4 Kb8 40. b5
Ka7 41. a5 Kb8 42. b6 Bd5 43. Rxd5 Kc8 44. Ba6+ Kb8 45. Rd8# 1-0

[Event "Russian Championship B15 2016"]
[Site "Loo"]
[Date "2016.04.23"]
[Round "4.24"]
[White "Gasanov, Zaur"]
[Black "Medvedev, Vladimir"]
[Result "1-0"]
[WhiteElo "2148"]
[BlackElo "1698"]
[PlyCount "77"]
[EventDate "2016.04.20"]

1. d4 d5 2. g3 c5 3. Bg2 e6 4. Nf3 Nf6 5. O-O Nc6 6. c4 dxc4 7. Qa4 Qd7 8. dxc5
Bxc5 9. Qxc4 Qd5 10. Qa4 Bd7 11. Nc3 Qh5 12. Qd1 O-O 13. h3 e5 14. g4 Bxg4 15.
hxg4 Nxg4 16. e3 Rad8 17. Qe2 f5 18. Qc4+ Kh8 19. Qxc5 Rf6 20. Re1 b6 21. Qb5
a6 22. Qe2 e4 23. Rd1 Rxd1+ 24. Qxd1 exf3 25. Qxf3 Rg6 26. Bd2 Qh2+ 27. Kf1
Nge5 28. Qh3 Qxh3 29. Bxh3 Rh6 30. Bg2 Nb4 31. Ne2 Nbd3 32. Bc3 Kg8 33. Rd1 Kf7
34. f4 Nxb2 35. Bxb2 Nc4 36. Bd5+ Ke7 37. Bxc4 Rh1+ 38. Ng1 Rh2 39. Bxg7 1-0

[Event "Russian Championship B15 2016"]
[Site "Loo"]
[Date "2016.04.23"]
[Round "4.25"]
[White "Khroni, Nikita"]
[Black "Moiseev, Danila"]
[Result "1/2-1/2"]
[WhiteElo "1688"]
[BlackElo "2135"]
[PlyCount "120"]
[EventDate "2016.04.20"]

1. e4 c5 2. Nf3 d6 3. d4 cxd4 4. Nxd4 Nf6 5. Nc3 a6 6. Be3 e6 7. h3 Be7 8. Qd2
Nc6 9. Be2 Qc7 10. O-O Nxd4 11. Bxd4 b5 12. a3 Bb7 13. Qe3 O-O 14. e5 Nd5 15.
Nxd5 Bxd5 16. Bd3 f6 17. f4 Qc6 18. exf6 Bxf6 19. Rf2 Rae8 20. Raf1 Bh4 21. g3
Bf6 22. Bxf6 Rxf6 23. Be2 Rh6 24. Kh2 Qd7 25. Bf3 Bxf3 26. Qxf3 e5 27. fxe5 g5
28. Qd5+ Qe6 29. Qxe6+ Rhxe6 30. exd6 Rxd6 31. Kg2 Re3 32. Rf3 Re2+ 33. R1f2
Re1 34. Rf1 Re2+ 35. R3f2 Re3 36. Rf6 Rd4 37. R1f2 Ra4 38. Rb6 Kg7 39. Rd2 Re7
40. c3 Rae4 41. Rf2 Ra4 42. Rd6 Re3 43. Rfd2 Rae4 44. Kf2 Re6 45. Rxa6 Re8 46.
Rad6 h5 47. R6d5 Kg6 48. Rd8 R8e4 49. R8d6+ Kf7 50. R6d3 Re1 51. Rf3+ Kg6 52.
Kg2 h4 53. g4 Re5 54. Rdf2 Rb1 55. Rf6+ Kh7 56. R6f5 Ree1 57. Rxg5 Rg1+ 58. Kf3
Rg3+ 59. Kf4 Rxh3 60. Rxb5 Rhh1 1/2-1/2

[Event "Russian Championship B15 2016"]
[Site "Loo"]
[Date "2016.04.23"]
[Round "4.27"]
[White "Romadov, Dmitriy"]
[Black "Koren, Vladimir"]
[Result "1-0"]
[WhiteElo "1533"]
[BlackElo "1826"]
[PlyCount "109"]
[EventDate "2016.04.20"]

1. e4 e5 2. Nf3 Nc6 3. d4 exd4 4. Bc4 Nf6 5. e5 d5 6. Bb5 Ne4 7. Nxd4 Bd7 8.
Bxc6 bxc6 9. O-O Be7 10. f3 Ng5 11. f4 Ne6 12. f5 Nxd4 13. Qxd4 Bc8 14. f6 gxf6
15. exf6 Bd6 16. Bg5 Be6 17. Re1 Qd7 18. c4 Rg8 19. h4 Kd8 20. c5 Bf8 21. g3
Rb8 22. Nd2 a5 23. a3 Rb5 24. b4 Qc8 25. Nf3 h6 26. Bf4 Qb7 27. Rxe6 fxe6 28.
f7 Rg6 29. h5 Rg7 30. Qf6+ Kc8 31. Qxe6+ Kb8 32. Bxh6 Rxg3+ 33. Kf2 Rg7 34.
Bxg7 Bxg7 35. Qe8+ Qc8 36. Qxc6 Rb7 37. h6 Bxa1 38. Qe8 c6 39. Qxc8+ Kxc8 40.
f8=Q+ Kc7 41. Qd6+ Kc8 42. Qxc6+ Kb8 43. Qxd5 Ka7 44. c6 Rc7 45. Qxa5+ Kb8 46.
Qb6+ Kc8 47. a4 Bf6 48. a5 Bh4+ 49. Nxh4 Rf7+ 50. Kg3 Rf3+ 51. Kg2 Rg3+ 52. Kf1
Rf3+ 53. Qf2 Ra3 54. Qf5+ Kc7 55. Qd7+ 1-0

[Event "Russian Championship B15 2016"]
[Site "Loo"]
[Date "2016.04.23"]
[Round "4.29"]
[White "Kokuev, Iljya"]
[Black "Balanda, Maksim"]
[Result "1/2-1/2"]
[WhiteElo "1446"]
[BlackElo "1615"]
[PlyCount "147"]
[EventDate "2016.04.20"]

1. e4 d6 2. d4 Nf6 3. Nc3 g6 4. Nf3 Bg7 5. Bc4 Nbd7 6. O-O O-O 7. h3 a6 8. a4
e5 9. Bg5 h6 10. Bh4 exd4 11. Nxd4 Ne5 12. Ba2 g5 13. Bg3 Qe7 14. Kh1 Ng6 15.
Nf5 Bxf5 16. exf5 Ne5 17. f4 gxf4 18. Bxf4 Rfe8 19. Qd2 Kh7 20. Rae1 c6 21. Rf2
Nh5 22. Bh2 Bf6 23. Rfe2 Bg5 24. Qd4 Qc7 25. Ne4 Rad8 26. Nxd6 Rxd6 27. Bxe5
Rxe5 28. Qxe5 Bf4 29. Qe8 Ng3+ 30. Kg1 Nxe2+ 31. Qxe2 Rd2 32. Qe4 Rd8 33. Bxf7
Bg3 34. Bg6+ Kh8 35. Rf1 Qd7 36. Qe3 Qd4 37. Qxd4+ Rxd4 38. b3 Kg7 39. f6+ Kxg6
40. f7 Bd6 41. f8=Q Bxf8 42. Rxf8 Rd2 43. Rf2 Rd1+ 44. Kh2 b5 45. axb5 axb5 46.
Re2 Kf6 47. Re3 b4 48. Re4 c5 49. Rc4 Rd5 50. Kg3 Re5 51. Kh4 h5 52. g4 hxg4
53. hxg4 Kg6 54. Kg3 Kg5 55. Kf3 Kg6 56. Kf4 Kf6 57. Re4 Rd5 58. Rc4 Re5 59.
Re4 Rd5 60. Kg3 Kg5 61. Kh3 Kf6 62. Kh4 Kg6 63. Re6+ Kf7 64. Rc6 Kg7 65. g5
Rd4+ 66. Kh5 c4 67. Rc7+ Kg8 68. Rxc4 Rd2 69. Rxb4 Rxc2 70. g6 Rh2+ 71. Rh4 Rg2
72. Rg4 Rh2+ 73. Kg5 Kg7 74. b4 {далее запись неразбор~~ива} 1/2-1/2

[Event "Russian Championship B15 2016"]
[Site "Loo"]
[Date "2016.04.23"]
[Round "4.6"]
[White "Nesterov, Arseniy"]
[Black "Korolev, Kirill"]
[Result "1-0"]
[WhiteElo "2273"]
[BlackElo "1994"]
[PlyCount "91"]
[EventDate "2016.04.20"]

1. d4 g6 2. c4 Bg7 3. e4 d6 4. Nc3 Nd7 5. Be2 e5 6. d5 Ngf6 7. Bg5 h6 8. Be3
O-O 9. Qd2 Kh7 10. O-O-O a6 11. f3 b5 12. cxb5 axb5 13. Bxb5 Nc5 14. Kb1 Nfd7
15. Bxd7 Qxd7 16. Bxc5 dxc5 17. g4 Ba6 18. Nge2 Rfb8 19. h4 Rb6 20. Rc1 Rab8
21. Rc2 Rb4 22. Nd1 Bf8 23. h5 g5 24. Nf2 c4 25. Nd1 Bc5 26. Ndc3 Qd6 27. Ng3
Qb6 28. d6 Qxd6 29. Qxd6 cxd6 30. Nf5 R4b7 31. Rd1 Rd8 32. Kc1 Bb4 33. Nd5 Bc5
34. Rcd2 Rdb8 35. Nc3 Rd7 36. Rd5 Rbd8 37. Na4 Ba7 38. Rxd6 Rxd6 39. Rxd6 Rxd6
40. Nxd6 f6 41. Nc3 Bd4 42. Ne8 f5 43. exf5 Bb7 44. Ne4 Kg8 45. N8d6 Bd5 46.
Nf6+ 1-0

[Event "Russian Championship G11 1st league 2016"]
[Site "Loo"]
[Date "2016.04.24"]
[Round "5.1"]
[White "Zaytseva, Dariya"]
[Black "Shestakova, Bogdana"]
[Result "1/2-1/2"]
[WhiteElo "1382"]
[BlackElo "1605"]
[PlyCount "95"]
[EventDate "2016.04.20"]

1. d4 Nf6 2. c4 g6 3. f3 Bg7 4. e4 d6 5. Nc3 O-O 6. Bg5 e5 7. dxe5 dxe5 8. Qxd8
Rxd8 9. Nd5 Nbd7 10. Nxc7 Rb8 11. Nd5 Kf8 12. Rd1 Re8 13. Bd3 h6 14. Be3 b6 15.
Ne2 Nc5 16. Nxf6 Bxf6 17. Bxh6+ Kg8 18. Bc2 g5 19. h4 gxh4 20. Nc3 Kh7 21. Be3
Ba6 22. Nd5 Bd8 23. b4 Ne6 24. b5 Bb7 25. g3 Rc8 26. Bd3 Rg8 27. gxh4 Nc5 28.
Bb1 a6 29. Bg5 Rf8 30. Bxd8 Rfxd8 31. Nxb6 Rxd1+ 32. Kxd1 Rd8+ 33. Nd5 axb5 34.
cxb5 Kh6 35. Rg1 Bxd5 36. exd5 Rxd5+ 37. Ke2 Na4 38. Bc2 Nc3+ 39. Ke3 Rxb5 40.
Bb3 Rb7 41. Kd3 Nb5 42. Ke4 f6 43. Kf5 Nd4+ 44. Kxf6 Nxb3 45. axb3 Rxb3 46.
Rg6+ Kh5 47. Rg8 Rxf3+ 48. Kxe5 1/2-1/2

[Event "Russian Championship G11 1st league 2016"]
[Site "Loo"]
[Date "2016.04.24"]
[Round "5.2"]
[White "Lesnykh, Zhanna"]
[Black "Romanenkova, Ekaterina"]
[Result "1-0"]
[WhiteElo "1391"]
[BlackElo "1216"]
[PlyCount "53"]
[EventDate "2016.04.20"]

1. e4 e5 2. Nf3 Nc6 3. Bb5 Bb4 4. c3 Ba5 5. O-O Nf6 6. Re1 d6 7. h3 O-O 8. Na3
Be6 9. Qa4 Bb6 10. Bxc6 bxc6 11. Qxc6 Bc5 12. b4 Bb6 13. Qb5 Qb8 14. d4 a6 15.
Qd3 Rd8 16. Bg5 Qa7 17. Nc4 Bxc4 18. Qxc4 Rd7 19. Bxf6 gxf6 20. Rf1 Qb7 21. d5
a5 22. Nh4 Qa6 23. b5 Qc8 24. Qe2 Kf8 25. Nf5 a4 26. Qg4 Ke8 27. Qg8# 1-0

[Event "Russian Championship G11 1st league 2016"]
[Site "Loo"]
[Date "2016.04.24"]
[Round "5.3"]
[White "Volkorez, Ruslana"]
[Black "Fedoricheva, Ekaterina"]
[Result "1/2-1/2"]
[WhiteElo "1228"]
[BlackElo "1387"]
[PlyCount "156"]
[EventDate "2016.04.20"]

1. d4 d5 2. Nf3 Nf6 3. c4 e6 4. Bg5 Be7 5. Nc3 Nbd7 6. e3 c6 7. Bd3 Qa5 8. O-O
O-O 9. a3 Qd8 10. Re1 c5 11. Rc1 h6 12. Bh4 b6 13. e4 dxe4 14. Nxe4 Bb7 15. Bg3
Nxe4 16. Bxe4 Bxe4 17. Rxe4 Nf6 18. Rh4 Nh7 19. Rh3 Ng5 20. Nxg5 Bxg5 21. Rc3
cxd4 22. Rd3 Bf6 23. Qg4 Kh8 24. Bf4 Kh7 25. Qh5 Rh8 26. Qxf7 Bg5 27. Qxe6 Qe8
28. Qxe8 Rhxe8 29. g3 Bxf4 30. gxf4 Rf8 31. Rxd4 Rae8 32. Re3 Rd8 33. Red3 Rxd4
34. Rxd4 Rf7 35. Kg2 Kg6 36. Kg3 Kf5 37. c5 bxc5 38. Rd5+ Ke4 39. Rxc5 Rf6 40.
Rc4+ Kd3 41. Rc3+ Ke4 42. Re3+ Kf5 43. Re5+ Kg6 44. Re7 a6 45. h4 h5 46. Re5
Rb6 47. Ra5 Rd6 48. b4 Kh7 49. Rxh5+ Kg8 50. f3 Kf7 51. Rg5 Rb6 52. Ra5 Rg6+
53. Kh3 Rf6 54. f5 Rb6 55. a4 Rxb4 56. Rxa6 Rf4 57. a5 Rxf5 58. Kg4 Rb5 59.
Ra7+ Ke6 60. a6 Ra5 61. Rxg7 Ra4+ 62. f4 Kd6 63. a7 Ra2 64. h5 Ke6 65. Rg6+ Kf7
66. Rh6 Kg7 67. Rg6+ Kh7 68. Kg5 Rxa7 69. h6 Rd7 70. f5 Rd1 71. Rg7+ Kh8 72.
Kg6 Rg1+ 73. Kf7 Ra1 74. Rg8+ Kh7 75. Rg7+ Kh8 76. Rg8+ Kh7 77. Re8 Kxh6 78.
Rh8+ Kg5 1/2-1/2

[Event "Russian Championship G11 1st league 2016"]
[Site "Loo"]
[Date "2016.04.24"]
[Round "5.4"]
[White "Kiryanova, Kristina"]
[Black "Karpova, Larisa"]
[Result "0-1"]
[WhiteElo "1100"]
[BlackElo "1240"]
[PlyCount "74"]
[EventDate "2016.04.20"]

1. d4 d5 2. c4 c6 3. Nc3 Nf6 4. Nf3 dxc4 5. e4 b5 6. a4 b4 7. Na2 a5 8. e5 Nd5
9. Bxc4 Bf5 10. O-O h6 11. Qb3 e6 12. Bd2 Be7 13. Nc1 O-O 14. Nd3 Nd7 15. Rac1
Rc8 16. Ba6 Rc7 17. Bc4 N7b6 18. Nf4 Nxc4 19. Rxc4 Be4 20. Re1 Nxf4 21. Bxf4
Bd5 22. Qd3 Bxc4 23. Qxc4 Qd5 24. Qc1 c5 25. Bxh6 gxh6 26. Qxh6 Rfc8 27. Ng5
Bxg5 28. Qxg5+ Kf8 29. Qh6+ Ke8 30. Qh8+ Kd7 31. Qh5 Kc6 32. Qe2 cxd4 33. Rc1+
Kd7 34. Rxc7+ Rxc7 35. h3 d3 36. Qd2 Rc2 37. Qd1 d2 0-1

[Event "Russian Championship G11 1st league 2016"]
[Site "Loo"]
[Date "2016.04.24"]
[Round "5.6"]
[White "Oyun, Sayudi"]
[Black "Sosnina, Nadezhda"]
[Result "0-1"]
[WhiteElo "1163"]
[BlackElo "1555"]
[PlyCount "68"]
[EventDate "2016.04.20"]

1. d4 Nf6 2. Nf3 d6 3. Bg5 Nbd7 4. Nbd2 e5 5. c3 g6 6. e3 Bg7 7. Bd3 O-O 8. O-O
Re8 9. e4 h6 10. Bxf6 Nxf6 11. d5 c6 12. c4 Nh5 13. g3 Bg4 14. b3 f5 15. Re1 f4
16. Qc2 Rc8 17. Nh4 g5 18. Nhf3 cxd5 19. exd5 e4 20. Bxe4 Bxa1 21. Rxa1 Nf6 22.
Re1 Nxe4 23. Rxe4 Qf6 24. Qd1 Qf5 25. Rxe8+ Rxe8 26. Nd4 Qd7 27. Qc2 Re1+ 28.
Nf1 Bh3 29. Qg6+ Qg7 30. Qd3 Rxf1+ 31. Qxf1 Bxf1 32. Nf5 Qa1 33. Nxh6+ Kh7 34.
Ng4 Bh3# 0-1